| 000 | 00720nam a22001937a 4500 | ||
|---|---|---|---|
| 999 |
_c63258 _d63258 |
||
| 005 | 20250708171347.0 | ||
| 008 | 250708s2009 en ||||| |||| 00| 0 eng d | ||
| 020 | _a9789881828415 X | ||
| 041 | _aeng | ||
| 080 | _a577.2 L-47 | ||
| 100 |
_aLee, Chao-Hung _925630 |
||
| 245 |
_aApplied Molecular Biology / _cChao-Hung, Lee |
||
| 264 |
_aHong kong : _bKompass Books, _c2009. |
||
| 300 |
_a470 p:. _b23 cm. |
||
| 653 | _aApplied Molecular Biology | ||
| 653 | _aEven though molecular biology has long been a basic tool in biomedical research, scientists still face the question of why certain | ||
| 653 | _aგამოყენებითი მოლეკულური ბიოლოგია | ||
| 942 |
_2udc _cBK |
||